| 000 | 00314 a2200133 4500 | ||
|---|---|---|---|
| 999 |
_c324898 _d324898 |
||
| 001 | 89825 | ||
| 003 | NUST | ||
| 082 | _a808.0683 FAN | ||
| 100 |
_aFancy Story Book _99852 |
||
| 245 | _aLittle Mermaid | ||
| 260 |
_aIndia _bDreamland Publications _c2013 |
||
| 300 | _a06p. | ||
| 500 | _aGeneral Books | ||
| 942 |
_aCAE NUST _cBK _k808.0683 FAN _2ddc |
||